Colored Text Match Quiz Stats

 Plays Quiz Updated Sep 10, 2018

Score 0/10 Timer 01:00
0 Plays Today
Question Answer Wrong Answers
Gray
94.5%
Silver
2.4%
Magenta
92.2%
Violet
4.7%
Azure Blue
91%
Sky Blue
5.9%
Scarlet
82.1%
Red
14.9%
Orange
80.4%
Sienna
16.6%
Khaki
80.2%
Vegas Gold
16.6%
Cyan
78.5%
Turquoise
18.4%
Brown
77.7%
Chocolate
19.1%
Lime Green
59.4%
Green
37.6%
Seattle Green
49.5%
Kelly Green
47.5%

You're not logged in!

Compare scores with friends on all Sporcle quizzes.
OR
Log In

Sporcle TV

Today on Sporcle TV


Watch our educational content, quiz creation guides, and fun videos on Sporcle TV.

Show Comments

Extras

Top Quizzes Today


Score Distribution

Your Account Isn't Verified!

In order to create a playlist on Sporcle, you need to verify the email address you used during registration. Go to your Sporcle Settings to finish the process.

Report this User

Report this user for behavior that violates our Community Guidelines.

Details: